Taylor Swift Songs 12 - Statistics

General Stats
  • This quiz has been taken 14 times
  • The average score is 145 of 231
Answer Stats
% Correct
a
100%
an
100%
I
100%
me
100%
The
100%
the
100%
and
92%
we
92%
you
92%
you,
92%
be
85%
are
77%
E
77%
ever
77%
He
77%
my
77%
that
77%
That
77%
There
77%
to
77%
was
77%
your
77%
every
69%
had
69%
in
69%
just
69%
like
69%
no
69%
on
69%
one
69%
so
69%
So
69%
The Tortured Poets Department
69%
time
69%
up
69%
we´re
69%
Baby,
62%
But
62%
but
62%
´Cause
62%
´cause
62%
for
62%
if
62%
I´m
62%
Is
62%
it´s
62%
said
62%
they
62%
This
62%
this
62%
trying
62%
What
62%
what
62%
where
62%
who
62%
with
62%
back?
54%
back
54%
been
54%
Call
54%
come
54%
coming
54%
from
54%
heart
54%
long
54%
off,
54%
over
54%
still
54%
These
54%
told
54%
when
54%
Worst
54%
alchemy?
46%
amateurs
46%
around
46%
beat
46%
belong
46%
chemicals
46%
comes,
46%
cool?
46%
cut
46%
´em
46%
few
46%
fight
46%
friends
46%
get
46%
greatest
46%
happens
46%
haven´t
46%
heads
46%
heroin,
46%
Hey,
46%
hit
46%
Honestly,
46%
jokes
46%
league
46%
lifetimes
46%
lift
46%
once
46%
reserved
46%
running
46%
school
46%
sign
46%
streak
46%
team
46%
The Alchemy
46%
their
46%
winning
46%
benches
38%
chance
38%
circled
38%
clowns,
38%
crown
38%
Ditch
38%
drag
38%
floor,
38%
forgiven
38%
hospital
38%
map
38%
play
38%
rule
38%
sleep
38%
touch-down
38%
trophy?
38%
under
38%
We´ve
38%
Where´s
38%
white
38%
wine
38%
Beer
31%
child´s
31%
comeback
31%
making
31%
Shirts
31%
stickin´
31%
strong
31%
warm
31%
blokes
23%
chanted
23%
cheers
23%
No matching quizzes found
Score Distribution
Percent of People with Each Score
Percentile by Number Answered
Your Score History
You have not taken this quiz